Slavic Languages - Sudden Death - Statistics

General Stats
  • This quiz has been taken 179 times
    170 since last reset
  • The average score is 11 of 14
Answers on the Grid
Answers color-coded by a green-red scale on the quiz's grid according to % correct below.
Serbian
Croatian
Bosnian
Slovene
Ukrainian
Russian
Belarusian
Latvian
Lithuanian
Polish
Czech
Slovak
Rusyn
Bulgarian
Macedonian
Albanian
Old Church Slavonic
Hungarian
Kanuri
Cerise
Abkhaz
Finnish
Saami
Friulian
Gaelic
Bashkir
Ossetic
Georgian
 
Answer Stats
Answer % Correct
Russian
87%
Serbian
87%
Slovak
87%
Croatian
85%
Polish
85%
Bosnian
83%
Slovene
83%
Ukrainian
81%
Czech
79%
Belarusian
77%
Bulgarian
77%
Macedonian
77%
Old Church Slavonic
73%
Rusyn
71%
No matching quizzes found
Score Distribution
Percent of People with Each Score
Percentile by Number Answered
Your Score History
You have not taken this quiz since the last reset